000 00627nam a22002057a 4500
003 NUST
005 20250220130900.0
008 170925b xxu||||| |||| 00| 0 eng d
038 _aNoman
040 _cNUST
082 _a200
100 _aMahfooz,Maryam
_94961
245 _aMeasuring services sector liberalization and its impact on services GDP in Pakistan/
_cMaryam Mahfooz,
260 _aIslamabad;
_c2014.
_bS3H NUST:
300 _a51p.
600 _xMS- Economics
_9127866
700 _aSupervisor: Dr. Zafar Mehmood
_9127927
856 _uhttp://10.250.8.41:8080/xmlui/handle/123456789/8456
942 _2ddc
_cSC
999 _c331336
_d331336